| 000 | 00654nam a22001697a 4500 | ||
|---|---|---|---|
| 999 |
_c59424 _d59424 |
||
| 003 | Ge_BSU | ||
| 005 | 20230215105252.0 | ||
| 008 | 230215s ge ||||| |||| 00| 0 geo d | ||
| 041 | _ageo | ||
| 080 | _a342.742 ჯ-24 | ||
| 245 |
_aჯარისკაცთა უფლებების დაცვა / _bასოციაცია - სამართალი და თავისუფლება. |
||
| 264 |
_aთბილისი, _c1999. |
||
| 300 |
_a68გვ. : _b სურ., ცხრ. ; _c20სმ. |
||
| 653 | _aჯარისკაცთა უფლებები | ||
| 653 | _aსამართალი | ||
| 942 |
_2udc _cBK |
||